00300nam a2200109Ia 4500008004000000082001300040100002300053245003100076260005200107300001000159650002100169210210b1981 xxu||||| |||| 00| 0 eng d a301 ADYS aADYANTHAYA (Hira). aSociology: Indian society. aBombay.bIndia Book House Publishing Co.,c1981 ax,192 aIndian Society